| 000 | 01358nam a22003617a 4500 | ||
|---|---|---|---|
| 003 | CHAP | ||
| 005 | 20220329143621.0 | ||
| 008 | 101011s2008 mx r 00010 spa d | ||
| 010 | _a99406 | ||
| 011 | _a100378 | ||
| 035 | _a111064 | ||
| 040 | _cCHAP | ||
| 090 | _aTesis | ||
| 100 | 1 |
_aGarcía Gálvez, David Margarito. _946058 |
|
| 245 | 1 | 0 |
_aSincronización de estro en ovejas de pelo con esponjas nuevas (20mg) y recicladas de acetato de fluorogesterona (FGA) más eCG (250UI) _c/por David Margarito García Gálvez |
| 260 |
_aCocula, Gro. : _bEl autor, _c2008 |
||
| 300 |
_av, 31 h. : _bilus. |
||
| 502 | _aTesis (Ing. Agr. Zootecnista) -- CSAEGRO. Centro de Estudios Profesionales | ||
| 590 |
_aALEPH _b10 _c20130110 _lUCH01 _h1536 |
||
| 590 |
_aBATCH-UPD _b10 _c20130110 _lUCH01 _h1312 |
||
| 590 |
_aBATCH-UPD _b10 _c20130410 _lUCH01 _h0825 |
||
| 590 |
_aBATCH-UPD _b10 _c20130914 _lUCH01 _h0932 |
||
| 590 |
_aCONVERSION _b10 _c20130109 _lUCH01 _h1355 |
||
| 650 | 1 | 4 |
_aCiclo estrual. _923072 |
| 650 | 1 | 4 |
_aGanado lanar _xReproducción. _945220 |
| 650 | 1 | 4 |
_aGanado lanar _zGuerrero. _945235 |
| 650 | 1 | 4 |
_aHormonas _xEfecto en animales domésticos. _956236 |
| 650 | 1 | 4 |
_aProgesterona. _992245 |
| 650 | 1 | 4 |
_aSincronización del celo. _9106556 |
| 901 | _aBK | ||
| 942 | _cTESIS | ||
| 949 |
_aTesis _bBC _cTES _d33724002109298 _eTS1 _gDonaciØn _h51127 _i111064 _sb |
||
| 999 |
_c99406 _d99406 |
||